Teen Titans GO! Quiz - Statistics

General Stats
  • This quiz has been taken 309 times
  • The average score is 11 of 27
Answer Stats
Hint Answer % Correct
Sarcasm Raven
94%
Joy! Starfire
94%
Titans Go! Robin
82%
Pie Bro #1 Cyborg
73%
Pie Bro #2 Beast Boy
72%
Girl in The Hive Jinx
62%
Howdy! Sticky Joe
56%
______ Blood Brother
47%
Baby Gizmo
45%
______ Freak Control
44%
Christmas Santa
43%
Above's Opposite Nibor
34%
Above's Female Counterpart Beast Girl
32%
Extinct Elephant Mammoth
30%
I See You Seemore
27%
J.L.T.T.I Judge #1 Batman
26%
Batman's Best Friend Commissioner Gordon
25%
Multiple Billy Numerous
24%
Above's Female Counterpart Sticky Joan
24%
J.L.T.T.I Judge #2 Superman
24%
J.L.T.T.I Judge #4 Wonder Woman
24%
J.L.T.T.I Judge #3 Aquaman
21%
Lightweight Building Brick Cinderblock
14%
A.K.A Hot Bot Pain Bot
14%
J.L.T.T.I Host Birdarang
10%
Above's Best Friend Boom Box
8%
Pierogi & Borscht Madam Rouge
3%
No matching quizzes found
Score Distribution
Percent of People with Each Score
Percentile by Number Answered
Your Score History
You have not taken this quiz